Las cincuenta y dos puertas de la Octava Región: las comunas del Perquilauquén al Renaico
Uloženo v:
| Hlavní autor: | |
|---|---|
| Médium: | Kniha |
| Jazyk: | španělština |
| Vydáno: |
Concepción
Universidad del Bío-Bío
2000
|
| Témata: | |
| Tagy: |
Přidat tag
Žádné tagy, Buďte první, kdo vytvoří štítek k tomuto záznamu!
|
MARC
| LEADER | 00000nam a2200000 a 4500 | ||
|---|---|---|---|
| 001 | UCM7755 | ||
| 003 | CL-VaPUC | ||
| 005 | 20210804001433.0 | ||
| 008 | 030110e20000000CL |||||||||||||||||spa|d | ||
| 999 | |c 302435 |d 302433 | ||
| 040 | |c Pontificia Universidad Católica de Valparaíso | ||
| 082 | 0 | 4 | |a 307.1 GUE 2000 |2 21 |
| 100 | |a Guerrero Verdugo, Raúl |e author |9 572646 | ||
| 245 | 1 | 4 | |a Las cincuenta y dos puertas de la Octava Región: las comunas del Perquilauquén al Renaico |
| 260 | |a Concepción |b Universidad del Bío-Bío |c 2000 | ||
| 300 | |a 210 páginas | ||
| 583 | |a last modification |c 20030110 00:00:00 |k Rodrigo Vera | ||
| 650 | 0 | |a Planificación urbana |9 258176 | |
| 650 | 0 | |a Ciudades |9 265474 | |
| 650 | 0 | |a Comunidades |9 337024 | |
| 651 | 7 | |a REGION DEL BIOBIO |2 CL-VaPUC |9 268497 | |
| 942 | |c BK |2 ddc | ||
| 945 | |d 20030110 00:00:00 |a cmena | ||
| 952 | |0 0 |1 0 |2 ddc |4 0 |6 307_100000000000000_GUE_2000 |7 0 |8 A |9 363016 |a BIBGIM |b BIBGIM |d 2019-11-21 |i 385972K |o 307.1 GUE 2000 |p 385972K |r 2025-01-15 |t 1 |w 2019-11-21 |y BK |k GIM | ||